• 首页
  • 本馆介绍
  • 公告通知
  • 最新文献
  • 馆藏检索
  • 电子资源
  • 读者导购
  • 参考咨询
  • 我的图书馆
  • 登录
  • 详细信息显示
  • 放入我的书架
  • 预约/预借图书
  • 作者相关作品
  • 分类相关作品
  • 丛书相关作品
  • 出版社相关作品

书目信息

  • 表格格式
  • 工作单格式
  • 卡片格式
题名:
修礼正仪
    
 
作者: 余晓堰 , 肖建军 主编
分册:  
出版信息: 重庆   重庆大学出版社  2019.3
页数: 114页
开本: 26cm
丛书名:
单 册:
中图分类: G634.253
科图分类:
主题词: 礼仪--中学--课外读物
电子资源:
ISBN: 978-7-5689-1419-2
000 00991nam0 2200241 45
001 012001002824
005 20140823172641.0
010    @a978-7-5689-1419-2@dCNY38.00
100    @a20190712d2019 de y0chiy0110 ea
101 0  @achi
102    @aCN@b500000
105    @aa z 000yy
106    @ar
200 1  @a修礼正仪@Axiu li zheng yi@f余晓堰, 肖建军主编
210    @a重庆@c重庆大学出版社@d2019.3
215    @a114页@c图@d26cm
330    @a本书针对中学生群体的特点,针对特别的活动时间、地点及学校特别的助力学生成长的仪式活动,归纳了彰显学生特质和校本理念的礼仪文化体系。分为“十礼”和“六仪”两大部分,分为仪表之礼、言谈之礼、行走之礼、待人之礼、课堂之礼、集会之礼、宿舍之礼、餐饮之礼、家庭之礼、社会之礼、入学仪式、升旗仪式、成人仪式、表彰仪式、誓师仪式、毓秀仪式共16课。
606 0  @a礼仪@x中学@j课外读物
690    @aG634.253@v5
701  0 @a余晓堰@Ayu xiao yan@4主编
701  0 @a肖建军@Axiao jian jun@4主编
801    @aCN@bAHXH@c20210922
905    @b1284432-6@dG634.253@e2250@f5
    
    修礼正仪/余晓堰, 肖建军主编.-重庆:重庆大学出版社,2019.3
    114页:图;26cm
    
    
    ISBN 978-7-5689-1419-2:CNY38.00
    本书针对中学生群体的特点,针对特别的活动时间、地点及学校特别的助力学生成长的仪式活动,归纳了彰显学生特质和校本理念的礼仪文化体系。分为“十礼”和“六仪”两大部分,分为仪表之礼、言谈之礼、行走之礼、待人之礼、课堂之礼、集会之礼、宿舍之礼、餐饮之礼、家庭之礼、社会之礼、入学仪式、升旗仪式、成人仪式、表彰仪式、誓师仪式、毓秀仪式共16课。
●
相关链接 在E读中查询图书 在五车中查询图书 在当当中查询图书 在豆瓣中查询图书


正题名:修礼正仪     索取号:G634.253/2250         预约/预借

序号 登录号 条形码 馆藏地/架位号 状态 备注
1 1284432   212844323   第一样本阅览室/ [索取号:G634.253/2250] 在馆    
2 1284433   212844332   教育系资料室/ [索取号:G634.253/2250] 在馆    
3 1284434   212844341   教育系资料室/ [索取号:G634.253/2250] 在馆    
4 1284435   212844350   第四借阅区/ [索取号:G634.253/2250] 在馆    
5 1284436   212844369   第四借阅区/ [索取号:G634.253/2250] 在馆    
唐山师范学院图书馆 欢迎您!
大连网信软件有限公司© 版权所有